[Event "Dortmund 46th"]
[Site "Dortmund"]
[Date "2018.07.14"]
[Round "1"]
[White "Duda, Jan Krzysztof"]
[Black "Kovalev, Vladislav"]
[Result "1/2-1/2"]
[WhiteElo "2737"]
[BlackElo "2655"]
[Annotator "Roiz,M"]
[PlyCount "143"]
[EventDate "2018.07.14"]
[EventType "tourn"]
[EventRounds "7"]
[EventCountry "GER"]
[EventCategory "19"]
[SourceTitle "CBM 186"]
[Source "ChessBase"]
[SourceDate "2018.09.14"]
[SourceVersion "1"]
[SourceVersionDate "2018.09.14"]
[SourceQuality "1"]

1. d4 Nf6 2. c4 e6 3. Nc3 Bb4 4. Nf3 d5 5. e3 O-O 6. Bd3 b6 7. O-O Ba6 {
A somewhat passive, but very solid choice.} 8. cxd5 exd5 9. Ne5 ({The most
common way of handling the position is} 9. Bxa6 Nxa6 10. Qa4 Qc8 11. Bd2 Re8 {
, but Black's position still seems very solid. There are some examples from
high-level games:} 12. Rac1 (12. Rfc1 Bf8 13. Ne2 c5 14. dxc5 Nxc5 15. Qc2 Qb7
16. Bc3 Nfe4 17. b4 Ne6 18. Qb3 Rac8 19. Bb2 b5 $132 {Pein,M - Fressinet,L
England ENG 2018}) 12... Bf8 13. Ne2 c5 14. dxc5 bxc5 15. Ng3 Ne4 16. Rfd1 Qb7
17. Be1 Nc7 $11 {Vitiugov,N - Ponomariov,R Tallinn 2016}) 9... Bxd3 10. Nxd3
$146 {This innovation hardly poses Black serious problems, but GM Duda is
trying to play creatively.} ({Previously, White played only} 10. Qxd3 {, but
Black mostly doesn't face problems here. For instance,} Re8 11. Bd2 (11. b3 $5
c5 12. Bb2 cxd4 13. exd4 Bxc3 14. Bxc3 Ne4 15. Bb2 {might offer White a very
small advantage.}) 11... c5 12. a3 c4 13. Qf5 Bxc3 14. Bxc3 Qc8 {Geirnaert,S -
Bosman,M Netherlands 2016, Black had comfortable play.}) 10... Bxc3 (10... Bd6
$5 {also deserved attention;} 11. b4 c6 12. Bb2 Nbd7 13. a4 Re8 {with a long
strategic struggle.}) 11. bxc3 Nc6 {The knight heads for c4, but White's pawns
centre is getting stable now.} ({A more precise way was} 11... Re8 $1 12. f3 c5
13. dxc5 (13. Re1 Nc6 14. Bb2 Rc8 $132) 13... bxc5 14. Nxc5 Nc6 $44) 12. Qc2 $6
{After this inaccurate move White's play is slowed down.} ({A much better move
was} 12. f3 Re8 13. Nf2 Na5 14. Re1 Nd7 15. e4 $14 {with excellent prospects
on the k-side.}) 12... Na5 13. Ba3 $1 {The bishop is placed awkwardly, but
Jan-Krzysztof is reasonably focussed on getting rid of the weak Pc3.} ({
Now White isn't in time to push e2-e4:} 13. f3 Re8 14. Nf2 c5 $15) 13... Re8
14. Nb2 Ne4 (14... Rc8 15. c4 dxc4 16. Nxc4 Nxc4 17. Qxc4 Qd5 18. Rac1 Qxc4 19.
Rxc4 Nd5 20. Rfc1 {would have led to a complex endgame with mutual chances.})
15. Rad1 (15. Bb4 Nb7 16. c4 dxc4 17. Nxc4 c5 {is about equal too.}) 15... Qd7
16. Bb4 Nc6 {This looks like a definite concession, though the position
remains equal.} ({A more complex posiiton would have arisen after} 16... Nb7 $5
17. c4 c6 18. Nd3 a5 19. Ba3 b5 $132) 17. Nd3 Nd6 {An interesting concept!
Vladislav doesn't fear creating the doubled pawns, since the pressure along
the c-file would partly compensate for it.} ({However, objectively it was
better to play} 17... Rac8 $5 18. a4 h5 {maintaining the balance.}) 18. Bxd6
cxd6 19. Qa4 {White is inviting simplifications.} (19. Qb3 $5 Ne7 20. a4 Rec8
21. Ra1 Rc4 22. Ra3 Rac8 23. Qb5 $14) 19... Ne5 20. Qxd7 Nxd7 21. Rb1 Rac8 22.
Rfc1 {This looks too passive.} ({Somewhat more precise was} 22. Rb3 Nf6 23. Rc1
Rc4 24. Ra3 Rc7 25. Kf1 $14) 22... Rc4 23. Kf1 Rec8 (23... Ra4 24. Rc2 Rc8 25.
Ke2 Nf6 26. f3 $14) 24. Rb3 f5 25. Ke2 {There are permanent weaknesses in
Vladislav's camp, so White can push without much risk.} Kf7 26. Kd2 Nf6 27. f3
Ra4 28. Ra1 {White's rooks are also tied to protecting the pawns, but the king
might help to do so.} g5 29. a3 {The next few moves hardly change the course
of the game much.} Nh5 30. Rb5 Ke6 31. Nb4 ({It was worth paying serious
attention to} 31. Rb4 $5 Ra5 32. a4 {, intending to finally swap the rooks.})
31... Nf6 32. h3 h5 ({In his turn, GM Kovalev could have considered} 32... f4
$5 33. Re1 fxe3+ 34. Rxe3+ Kd7 35. Nxd5 Nxd5 36. Rxd5 h6 {, activating the
rooks.}) 33. h4 $1 {An excellent move, that makes Black's pawn chain dicey.}
gxh4 ({After} 33... g4 34. Nd3 Rac4 35. Nf4+ Kf7 36. Rc1 {one of Black's pawns
should fall soon.}) 34. Nd3 Kd7 35. Rb4 Ra5 36. Nf4 Rg8 37. Rb3 $6 {Alas, this
inaccurate move spoils the lion's share of the advantage.} ({A much stronger
one is} 37. a4 $1 h3 38. gxh3 h4 39. Rb5 $16) 37... h3 $1 38. gxh3 h4 {Now
White has also got weaknesses on the k-sde.} 39. Ke2 Rg3 40. Kf2 Ng8 $6 {
This passive move is inviting troubles again.} ({After} 40... Nh7 $1 41. Rg1
Rxg1 42. Kxg1 Nf8 43. Kf2 Ke7 44. Ke2 Kf7 45. Kd3 Ng6 {the problems would be
solved.}) 41. Rh1 Rg7 42. Ng2 {Now Black is doomed to passive defence again.}
Rh7 43. Rg1 Ne7 44. Ne1 Ra4 45. Ke2 Ke6 46. Nd3 Kf6 47. Nf4 Ra5 48. Kd3 ({
It was agood moment for activating the rook:} 48. Rbb1 $5 Rxa3 49. Ra1 Rxa1 50.
Rxa1 $16) 48... Rh8 49. Kc2 Rg8 50. Rxg8 Nxg8 51. Kb2 Ne7 52. Ka2 ({After} 52.
Rb4 Ng6 $1 53. Nxg6 Kxg6 54. f4 b5 {Black should be able to defend.}) 52... Ng6
53. Ng2 Ke6 54. Rb4 Kd7 (54... f4 $5 {was possible, but GM Kovalev is focused
on a waiting strategy now.}) 55. Rb1 Ke6 56. Rg1 Kf6 57. Kb3 Rb5+ 58. Kc2 Ra5
59. Kb3 Rb5+ 60. Ka2 Ra5 61. Ne1 Ra4 62. Kb3 Rc4 63. f4 $6 {Now, when the pawn
structure is fixed, it seems no longer possible to make any progress.} ({
At the same time, after} 63. Kc2 Ra4 64. Kb2 Rc4 65. Nd3 Rc8 66. Kc2 Rc4 67.
Ra1 Rc8 68. a4 $14 {Anton's defensive task wouldn't be easy.}) 63... Rc8 64.
Kc2 Ne7 65. Nf3 Rh8 66. Rb1 Ke6 67. Kd3 Kd7 68. Rg1 (68. a4 Kc6 69. Rg1 Rh7 $11
) 68... Rh7 69. Ng5 Rg7 70. Nf3 Rh7 71. Ng5 Rg7 72. Nf3 1/2-1/2

[Event "Linares 09th"]
[Site "Linares"]
[Date "1991.??.??"]
[Round "12"]
[White "Jussupow, Artur"]
[Black "Timman, Jan H"]
[Result "1/2-1/2"]
[WhiteElo "2605"]
[BlackElo "2630"]
[Annotator "Schussler,H"]
[PlyCount "88"]
[EventDate "1991.02.??"]
[EventType "tourn"]
[EventRounds "13"]
[EventCountry "ESP"]
[EventCategory "17"]
[SourceTitle "CBM 022"]
[Source "ChessBase"]
[SourceDate "1991.06.01"]
[SourceVersion "1"]
[SourceVersionDate "1991.06.01"]
[SourceQuality "1"]

1. d4 Nf6 2. Nf3 e6 3. c4 b6 4. e3 Bb7 5. Nc3 d5 6. cxd5 exd5 7. Bb5+ c6 8. Bd3
Bb4 $6 {8. - Bd6, 8. - Be7} 9. O-O O-O 10. Ne5 Nbd7 11. f4 c5 12. Ne2 cxd4 13.
exd4 a6 $2 14. Ng3 $16 Re8 15. Be3 Bf8 16. h4 b5 17. h5 Rc8 18. Qf3 Rc7 19.
Rad1 $6 Ne4 20. h6 g6 21. f5 Nxe5 22. dxe5 Qh4 23. Bxe4 dxe4 24. Qf4 Qxf4 25.
Bxf4 e3 $1 $10 26. Bxe3 Rxe5 27. Bf4 Rc2 28. Rf2 Rxf2 29. Kxf2 Rd5 30. Re1 Rd4
31. Be3 Rd7 32. f6 Rd6 33. Bg5 Rd5 34. Be3 Rd6 35. Bg5 Rd5 36. Be3 Bd6 37. Rc1
Kf8 38. Ne4 Ke8 39. Nxd6+ Rxd6 40. Bg5 Kd7 41. Rc2 Ke6 42. g4 Rd4 43. Re2+ Be4
44. Be3 Rc4 1/2-1/2

[Event "EU-ch 17th"]
[Site "Gjakova"]
[Date "2016.05.23"]
[Round "11"]
[White "Goganov, Aleksey"]
[Black "Kovalenko, Igor"]
[Result "0-1"]
[WhiteElo "2600"]
[BlackElo "2644"]
[Annotator "Sumets,A"]
[PlyCount "160"]
[EventDate "2016.05.12"]
[EventType "swiss"]
[EventRounds "11"]
[EventCountry "KOS"]
[SourceTitle "CBM 173"]
[Source "ChessBase"]
[SourceDate "2016.07.12"]
[SourceVersion "1"]
[SourceVersionDate "2016.07.12"]
[SourceQuality "1"]

1. d4 Nf6 2. c4 e6 3. Nc3 Bb4 4. e3 O-O 5. Bd3 d5 6. Nf3 b6 {This is a very
solid line for Black. He strengthens control over the e4-square and then he
has different plans. In comparison with the most popular 6...c5, Black's
position is more flexible. He can play ...c5 later or he can try to launch a
counter-attack on the kingside after ...a6, ...Bd6, ...Ne4....} 7. O-O Bb7 8.
cxd5 exd5 9. a3 Bd6 {Of course Black doesn't want to trade his bishop.} (9...
Bxc3 $6 10. bxc3 Ne4 $6 {This move isn't the best. Anyway Black's position is
worse.} (10... c5 11. a4 $14) 11. c4 f5 12. Qc2 Nd7 13. cxd5 Bxd5 14. Nd2 Ndf6
15. f3 $16 {1-0 (29) Damljanovic,B (2579)-Rajkovic,M (2248) Kragujevac SRB 2015
}) 10. b4 a6 (10... Nbd7 11. b5 (11. Qb3 a6 12. a4 c6 (12... Qe7 13. Rb1 ({
White can try to implement another plan:} 13. Ba3 $5 c6 14. a5 b5 15. Nd2 Rfe8
16. Rae1 $14 {Jakovenko,D-Visnu,P Gibraltar 2015.}) 13... Rfe8 14. b5 axb5 15.
axb5 Qe6 {The d5-pawn is protected, so Black is ready to play ...Ne4.} (15...
Ne4 {is a bit premature due to} 16. Nxd5 $1 Bxd5 17. Qxd5 Nc3 18. Qb3 Nxb1 19.
Bxb1 (19. Qxb1 $5 Nf6 20. Bb2 h6 21. Rd1 $44) 19... Nf6 20. e4 $44 Nxe4 $8 21.
Re1 Qe6 22. Qxe6 Rxe6 23. Bxe4 Ra1 24. Ng5 Re7 25. Bxh7+ Kh8 26. Rf1 g6 (26...
f6 27. Bd3 fxg5 28. Bxg5 Ree1 29. g3 $11) 27. h4 $13 {Demuth,A (2515)-Navara,D
(2751) Montpellier FRA 2015 1-0 (50)}) 16. Bb2 Ne4 17. Rbd1 Ndf6 18. Ne2 Ng4
19. h3 Ngxf2 (19... Ngf6 $6 20. Qc2 (20. Ne5) 20... Qe7 $14) 20. Rxf2 Nxf2 21.
Kxf2 Qxe3+ 22. Kf1 Qe7 23. Bc1 c5 24. bxc6 Bxc6 $13 {Salem,A (2586)
-Kryvoruchko,Y (2706) Doha QAT 2014 1/2 (46).}) 13. a5 b5 14. Nd2 Re8 15. Ba3
Nf8 16. Rae1 {Jakovenko hindered Black from playing ...c5. Now he can prepare
e4.} Bc8 17. Qb1 (17. f4 $5 Ng4 18. Nd1 Ng6 $13) 17... Ne6 18. f4 g6 19. Nf3
Ng7 20. Ne5 Bf5 21. Rc1 Rc8 22. Nd1 Ne4 23. Qa2 $8 Rc7 $6 (23... Qe7 $1 24.
Bxe4 (24. Rxc6 $6 Rxc6 25. Nxc6 Qe6 26. Ne5 f6 27. Nf3 Nc3 $17) (24. Nxc6 $2
Qe6 25. Ne5 Rxc1 26. Bxc1 f6 27. Nf3 Bxb4 $17) 24... Bxe4 25. Nf2 Bf5 26. Rc3
f6 27. Rxc6 (27. Nxc6 $6 Qf7 $17) 27... Rxc6 28. Qxd5+ Qe6 29. Qxe6+ Rxe6 30.
Nxc6 Rxe3 31. Bc1 Re2 $44) 24. Nxc6 Qc8 25. Qxd5 Bf8 26. Ne5 Rxc1 27. Bxc1 $16
{Jakovenko,D (2733)-Vishnu,P (2463) Caleta ENG 2015 1-0 (33)}) 11... a6 12. Qc2
Be7 13. bxa6 Bxa6 14. Bxa6 Rxa6 15. Nb5 (15. Ne5 c5 (15... Qa8 $5 16. Nb5 Rc8
17. Nc6 Bf8 18. a4 Nb8 $11) 16. Nc6 Qe8 17. Nxe7+ Qxe7 18. a4 Rc8 $11) 15... c5
16. dxc5 $6 bxc5 17. Rd1 c4 18. Bb2 Nc5 $15 {Korobov,A (2713)-Vallejo Pons,F 
(2677) Karlsruhe GER 2016 0-1 (61)}) 11. Qb3 Qe7 12. b5 (12. Ra2 {This move
seems to be more ambitious, than 12 b5.} Nbd7 13. Re2 Rab8 (13... b5 14. Nd2
Ne4 (14... Rae8 15. Rfe1 Ne4 16. Nxd5 $1 Bxd5 17. Qxd5 Nc3 18. Qc6 Nxe2+ 19.
Rxe2 $44 {Including the moves Rae8 and Rfe1 is in White's favour.}) 15. Nxd5 $1
Bxd5 16. Qxd5 Nc3 17. Qc6 Nxe2+ 18. Bxe2 Nb6 19. e4 a5 20. Bxb5 axb4 21. a4 Qe6
22. Qc2 $44 {Mamedyarov,S (2736)-Karjakin,S (2762) Baku AZE 2015 1/2 (88).})
14. e4 (14. b5 axb5 15. Nxb5 Ba6 16. a4 c6 17. Nxd6 Bxd3 18. Qxd3 Qxd6 19. Ba3
c5 20. Rb2 $6 Ra8 21. Qb5 Qc7 $1 22. Ne5 Nxe5 23. dxe5 Qxe5 24. Qxb6 Ng4 $15 {
Edouard,R (2627)-Gasanov,E (2485) Al-Ain UAE 2015 1/2 (35)} (24... Rfb8 25. Qc6
Rc8 26. Qb7 Ne4 $17)) 14... dxe4 15. Rfe1 Qe6 16. Qxe6 fxe6 17. Nxe4 Nxe4 18.
Bxe4 Bd5 19. Bd3 (19. Bxd5 exd5 20. Bg5 $11) 19... Bxf3 20. gxf3 Rxf3 21. Bxa6
b5 $15 {Korobov,A (2700)-Karjakin,S (2762) Berlin GER 2015 0-1 (41)}) 12...
Nbd7 13. Bb2 (13. bxa6 Bxa6 14. Bxa6 Rxa6 15. Nxd5 Nxd5 16. Qxd5 Nf6 17. Qc6 (
17. Qc4 $5 Rfa8 18. Bb2 Ra4 19. Qb3 Qe6 20. Qxe6 fxe6 21. Ng5 R4a5 22. Nxe6 Kf7
23. Nf4 Bxf4 24. exf4 Rb5 25. Bc1 Ra4 $44) 17... Qe4 18. Qc4 Ra5 19. Bb2 Rc5
20. dxc5 (20. Qb3 Rh5 21. Qc4 (21. h3 Rxh3 22. Ng5 Bh2+ 23. Kh1 Rh5 24. Nxe4
Bg3+ 25. Kg1 Bh2+ $11) 21... Rc5 $11) 20... Bxh2+ 21. Nxh2 Qxc4 22. Bxf6 gxf6
23. cxb6 cxb6 24. Nf3 $15 {Korobov,A (2543)-Zubarev,A (2515) Alushta 2006 1/2 
(32)}) 13... axb5 14. Nxb5 c5 15. dxc5 $6 bxc5 $1 (15... Nxc5 {leads to an
equal position, here Black should have been more ambitious, because after 15...
bxc5 White's position is worse.} 16. Qd1 Nxd3 17. Qxd3 Bc5 18. Nfd4 Qe4 19.
Rfd1 Qxd3 {1/2 (19) Malaniuk,V (2580)-Chuchelov,V (2550) Hamburg 1995}) 16.
Nxd6 Qxd6 17. Bf5 $146 {Only this move is a new one. In any case, White's
position is worse.} (17. Qc3 Ba6 18. Rfd1 Bxd3 19. Rxd3 Rfb8 20. Rc1 c4 $17 {
Jussupov,A-Dautov,R Nussloch1996 1/2 (33).}) 17... Rab8 18. Qc3 d4 $1 19. exd4
Bxf3 20. dxc5 $6 {As you can see, Aleksey couldn't be satisfied with the
opening results but his last move is a serious concession, that leads to a
difficult position.} (20. gxf3 c4 $1 21. Qc2 Rb3 $40) 20... Nxc5 21. gxf3 Qd5
$17 22. Bc2 Rfc8 $2 (22... Ne6 $1 {threatening Rb2.} 23. Be4 (23. Rad1 Qh5 24.
Bc1 Rb5 25. Kh1 Rc5 26. Qd3 Rfc8 27. Bb1 g6 $19) (23. Bc1 Rfc8 24. Qd3 Rxc2 25.
Qxc2 Nd4 26. Qd1 Rb3 $1 27. Be3 Nxf3+ 28. Kh1 Nd4+ 29. Kg1 Rd3 $1 $19) 23...
Nxe4 24. fxe4 Qxe4 25. f3 Qa4 $17) 23. Qe5 {White is not worse and at least he
could have tried to fight for advantage.} Qxf3 24. Qf5 Qxf5 25. Bxf5 Re8 $11
26. Bxf6 (26. Rab1 Nfe4 27. Bd4 Rxb1 28. Rxb1 Nd2 29. Rd1 Nf3+ 30. Kg2 Nxd4 31.
Rxd4 Ra8 32. Rc4 $11) 26... gxf6 27. Rfe1 Re5 28. Rxe5 {The only way to
continue the game. Other continuations lead to a draw.} (28. Bc2 Rg5+ 29. Kh1
Rb2 30. Rec1 Ne6 31. Rab1 (31. a4 $6 Nd4 {and Black gain a pawn}) 31... Ra2 32.
Ra1 Rb2 $11) 28... fxe5 29. Re1 f6 30. Rc1 Rb5 {It seems that White has an
advantage, he has R+B and a passed pawn against R+N. However the a3-pawn is
not so strong and Black has some counter-chances. He can create some threats
to White's king.} 31. Rd1 Rb7 32. Rd6 Kg7 33. Kf1 h5 34. Kg2 Kf7 $11 35. Rc6
Nb3 36. Bc8 (36. Be6+ Kg6 37. Bxb3 $11) 36... Rb8 37. Rc7+ Kg6 38. Bb7 Nc5 ({
My computer prefers} 38... Nd4 39. a4 Ne6 40. Re7 Nc5 41. Bc6 Rb2 42. Be8+ Kf5
43. Rh7 Nd3 44. Kf3 $11) 39. Bd5 Rb5 40. Bf7+ Kf5 41. Be8 (41. Bxh5 $2 Ne6 42.
Rh7 Nf4+ 43. Kg3 $8 Rb3+ 44. f3 Rb2 45. Bg4+ Kg6 46. Re7 Rg2+ 47. Kh4 Rxh2+ 48.
Kg3 Rg2+ 49. Kh4 Ne2 $1 $17) (41. a4 Nxa4 42. Rc4 Nb6 43. Rh4 $11) 41... Ra5 {
Black will take on a3, so White should have been a little bit more careful.}
42. Rh7 $6 (42. a4 Nxa4 43. Bd7+ Kg6 44. Be8+ Kf5 (44... Kg5 45. h4+ Kf5 (45...
Kh6 46. Rf7 Ra6 47. Bb5 Kg6 48. Rc7 Ra5 49. Bd3+ f5 50. Rc6+ Kg7 51. Bxf5 Nc5
52. Rg6+ Kf7 53. Rh6 {with small chances to win the game.}) 46. Bd7+ Kg6 47.
Be8+ $11) 45. Bd7+ Kg6 46. Be8+ $11) 42... Nd3 {The black knight is heading to
f4 and in order to avoid problems White needs to play precisely.} 43. Rxh5+ Ke6
44. Rh7 Rxa3 {Black threatens ...Nf4 and ...Ra1, so White's next move is more
or less forced.} 45. h4 Kf5 46. h5 Nf4+ 47. Kh2 Ra2 48. Kg3 Ra3+ 49. Kh2 Ra2
50. Kg3 Ra1 51. h6 $2 {The position remains drawish but Aleksey has made his
task more difficult than it was before.} (51. Kh2 Kg5 52. Rh8 {and White has
nothing to worry about.}) 51... Kg5 52. Rg7+ Kxh6 53. Rg4 f5 {I guess Igor
knew that the position which arose after 54.Rxf4 exf4 is drawish, but he had
no choice.} 54. Rxf4 exf4+ 55. Kxf4 {I haven't found this endgame in popular
chess books. However few month ago, I had seen the same endgame in the game
Khademalsharieh,S-Zhukova,N Women GP Tehran 2016.} Ra5 56. Kg3 Rc5 57. Kf4 Ra5
58. Kg3 Rd5 59. f4 {Sooner or later White needs to play f4.} Rd3+ 60. Kf2 Rd8
61. Bf7 Rd6 62. Kg3 {Black can't penetrate into the opponent's camp via the
g4-square.} Rd3+ 63. Kf2 Rc3 64. Be8 Rc7 65. Kf3 Re7 66. Bb5 Kg6 67. Bd3 Ra7
68. Be2 Ra3+ 69. Kf2 Kf6 70. Bf3 Ke6 71. Ke2 Kd6 72. Kf2 Kc5 73. Bb7 Kd4 {
Now White should have played very precisely. As you can see from the game,
Goganov tried to keep his bishop on b7, c6. Unfortunately for him, Black can
expel his bishop from the main diagonal. In order to save the game, he should
have kept his bishop on g2 and h1.} 74. Bc6 $2 (74. Bg2 $1 Ra2+ 75. Kf3 Rc2 76.
Bh1 Rc3+ 77. Kf2 Rc1 78. Bg2 Rc2+ 79. Kf3 Rc3+ (79... Rxg2 80. Kxg2 Ke3 81. Kg1
Kxf4 82. Kf2 $11) 80. Kf2 Rc4 81. Kf3 Rc7 82. Kf2 Rc2+ 83. Kf3 Rb2 84. Bh1 $11)
74... Ra7 $2 (74... Ra2+ 75. Kf3 (75. Kg3 Ke3 76. Bd7 Ra5 77. Bc8 Rc5 78. Bd7
Ke4 $19) 75... Ra6 76. Bb7 Ra7 77. Bc6 Kc5 78. Be8 Kd5 (78... Ra3+ 79. Kf2 Kd5
$19) 79. Bh5 Ra3+ 80. Kf2 Ke4 $19) 75. Ke2 $2 (75. Bg2 $11) (75. Bh1 $11) 75...
Ra2+ 76. Kf3 Ra6 $1 $19 77. Bb7 Ra7 78. Bc6 Kc5 $1 79. Be8 Ra3+ 80. Kf2 Kd5 0-1